Carpatica I ... A (řada duchovědná)

Bibliographic Details
Other Authors: Chotek, Karel, 1881-1967 (Editor)
Format: Serial
Language:Czech
Slovak
PhysicalDescription:2 zv. 24 cm
Published: Praha Orbis 1936, 1939
Subjects:

MARC

LEADER 00000cas a2200000 a 4500
001 vtls001362117
003 SK-MaSNL
005 20260425193954.0
008 990430d19361939xr zx 0 0b2cze
035 |a SNK000315708 
040 |a SNK  |b slo  |c SNK  |e AACR2 
041 1 |a cze  |a slo 
043 |a e-xo---  |a e-un--- 
044 |a xr  |c CZ 
072 7 |a 81  |x Lingvistika. Jazyky  |2 konspekt 
080 |a 81’1  |2 2011 
080 |a (437.7)  |2 2011 
080 |a (437.6)  |2 2011 
245 0 0 |a Carpatica I ...  |n A (řada duchovědná) 
260 |a Praha  |b Orbis  |c 1936, 1939 
300 |a 2 zv.  |c 24 cm 
310 |a neurčitá 
362 0 |a Zv. 1 (1936) a zv. 2 (1939) 
546 |a Resumé v anglickom, vo francúz. a v nemeckom jazyku 
550 |a Nákladom Sboru pre výskum Slovenska a Podkarpatskej Rusi pri Slovanskom ústave v Prahe 
650 0 7 |a lingvistika  |2 SNKPH  |9 860 
650 0 7 |a Linguistics  |2 SNKPHeng  |9 265222 
650 0 7 |a dialekty  |2 SNK  |9 19030 
651 7 |a Slovensko  |2 SNKPH  |9 14231 
651 7 |a Podkarpatská Rus  |2 SNKPH  |9 56369 
655 7 |a vedecké štúdie  |2 SNKPH  |9 265097 
655 7 |a zborníky  |2 SNKPH  |9 70165 
655 7 |a Scientific studies  |2 SNKPHeng  |9 265098 
700 1 |a Chotek, Karel,  |d 1881-1967  |4 edt  |9 153209 
910 |a snk 
910 |a snmk 
999 |c 347  |d 347 
952 |t zv. 2  |a SNK  |b SNK  |y PREZ  |7 0  |p 17A0095222  |o snkČSB 235/2/1939 D2  |i snkK 303/75  |8 3  |0 0  |1 0  |4 0  |d 1997-09-18  |l 0  |r 2005-01-02 00:00:00  |w 2026-02-21 
952 |t zv. 1  |a SNK  |b SNK  |y PREZ  |7 0  |p 17A0145317  |o snkČSB 235/1/1936 D1  |i snkK 1969/72  |8 3  |0 0  |1 0  |4 0  |d 1998-06-23  |l 0  |r 2005-01-02 00:00:00  |w 2026-02-21 
952 |t zv. 2  |a SNK  |b SNK  |y PREZ  |7 0  |p 17A1023333  |o snkČSB 235/2/1939 D1  |i snkK 2131/75  |8 3  |0 0  |1 0  |4 0  |d 2013-09-27  |l 0  |r 2026-02-21 21:24:39  |w 2026-02-21 
952 |t zv. 1  |a SNK  |b SNK  |y PREZ  |7 0  |p 17A0341579  |o snkČSB 235/1/1936  |i snk101/37  |0 0  |1 0  |4 0  |d 2002-05-21  |l 0  |r 2005-01-02 00:00:00  |w 2026-02-21 
952 |t zv. 2  |a SNK  |b SNK  |y PREZ  |7 0  |p 17A0193120  |o snkČSB 235/2/1939  |i snk1097/53  |0 0  |1 0  |4 0  |d 1999-04-30  |l 0  |r 2005-01-02 00:00:00  |w 2026-02-21 
952 |t zv. 1  |a SNK  |b SNK  |y PREZ  |7 0  |p 17A1097476  |o snkČSB 235/1/1936 D2  |i snkK 2130/75  |8 3  |0 0  |1 0  |4 0  |d 2016-02-01  |l 0  |r 2026-02-21 21:54:05  |w 2026-02-21